Procesamiento de datos /
Guardado en:
| Autor Principal: | |
|---|---|
| Formato: | Libro |
| Publicado: |
Buenos Aires :
Macchi,
1980
|
| Materias: | |
| Etiquetas: |
Agregar Etiqueta
Sin Etiquetas, Sea el primero en etiquetar este registro!
|
| LEADER | 01141nam a22001815a 4500 | ||
|---|---|---|---|
| 001 | CEM.cems013263 | ||
| 005 | 20100219095542.0 | ||
| 008 | 130507s1980##################000#0#####d | ||
| 003 | CEMS | ||
| 082 | 0 | 4 | |a 658 |
| 100 | 1 | |a Santos, Ernesto | |
| 245 | 1 | 0 | |a Procesamiento de datos / |c Ernesto Santos |
| 260 | |a Buenos Aires : |b Macchi, |c 1980 | ||
| 300 | |a 543 p. | ||
| 505 | 0 | |a Las técnicas modernas de conducción empresaria -- La decisión -- El dato -- La información -- El procesamiento -- Procesamiento manual de datos -- Procesamiento semi-mecanico de datos -- Procesamiento mecánico -- Máquinas para el procesamiento mecánico directo -- Procesamiento mecánico con electrónica -- Casos prácticos -- Procesamiento mecánico indirecto de datos -- La perforación -- Procesamiento electrónico de datos -- El computador electrónico -- El procesador -- Organo de entrada -- Lectura de caracteres magnéticos y caracteres ópticos -- Estado actual de la técnica -- Realizaciones -- Computadores de escritorio | |
| 653 | |a Administración de empresas | ||
| 653 | |a Datos-procesamiento | ||
| 859 | |a CEMS |b BIB. CEMS - 11 de abril |h 658 |i Sa59 |p 25738.09 |t Ej.1 | ||
